Normal view
MARC view
- Production scheduling
Entry Topical Term
001 - CONTROL NUMBER
- control field: 86879
003 - CONTROL NUMBER IDENTIFIER
- control field: NUST
005 - DATE AND TIME OF LATEST TRANSACTION
- control field: 20211221152304.0
008 - FIXED-LENGTH DATA ELEMENTS
- fixed length control field: 211221|| aca||aabn | a|a d
040 ## - CATALOGING SOURCE
- Original cataloging agency: NUST
- Transcribing agency: NUST
150 ## - HEADING--TOPICAL TERM
- Topical term or geographic name entry element: Production scheduling
670 ## - SOURCE DATA FOUND
- Source citation: Work cat.: (NUST)32153: Woolf, Murray B. 86877, Faster Construction Projects with CPM Scheduling /, c2007.
